[Event "Russian Women's Higher League 2021"]
[Site "?"]
[Date "2021.07.02"]
[Round "6.1"]
[White "Guseva, Marina"]
[Black "Voit, Daria"]
[Result "1-0"]
[WhiteElo "2386"]
[BlackElo "2354"]
[Annotator ""]
[Source ""]
[Remark ""]

1.d4 {[%clk 1:30:57]} Nf6 {[%clk 1:30:34]} 2.c4 {[%clk 1:31:22]}
g6 {[%clk 1:31:00]} 3.Nf3 {[%clk 1:31:30]} Bg7 {[%clk 1:31:17]}
4.g3 {[%clk 1:31:55]} c6 {[%clk 1:31:40]} 5.Bg2 {[%clk 1:32:21]}
d5 {[%clk 1:32:06]} 6.cxd5 {[%clk 1:32:47]} cxd5 {[%clk 1:32:32]}
7.Nc3 {[%clk 1:33:11]} O-O {[%clk 1:29:56]} 8.Ne5 {[%clk 1:33:37]}
e6 {[%clk 1:28:04]} 9.O-O {[%clk 1:33:59]} Nfd7 {[%clk 1:28:32]}
10.f4 {[%clk 1:34:03]} Nc6 {[%clk 1:22:28]} 11.Be3 {[%clk 1:34:26]}
Ne7 {[%clk 1:22:31]} 12.Bf2 {[%clk 1:34:25]} Nb6 {[%clk 1:22:47]}
13.a4 {[%clk 1:30:53]} a5 {[%clk 1:12:15]} 14.Qb3 {[%clk 1:31:10]}
Bd7 {[%clk 1:07:01]} 15.Rfd1 {[%clk 0:56:05]} Bc6 {[%clk 1:01:30]}
16.Rac1 {[%clk 0:56:06]} Nd7 {[%clk 0:43:48]} 17.Nb5 {[%clk 0:41:31]}
Qb6 {[%clk 0:27:30]} 18.Rxc6 {[%clk 0:37:48]} bxc6 {[%clk 0:26:28]}
19.Nxd7 {[%clk 0:38:13]} Qd8 {[%clk 0:25:38]} 20.Nxf8 {[%clk 0:38:19]}
cxb5 {[%clk 0:25:59]} 21.Nxe6 {[%clk 0:38:06]} fxe6 {[%clk 0:26:15]}
22.axb5 {[%clk 0:32:47]} Rb8 {[%clk 0:25:38]} 23.e4 {[%clk 0:29:31]}
Qd7 {[%clk 0:22:09]} 24.exd5 {[%clk 0:29:17]} exd5 {[%clk 0:21:59]}
25.Bf1 {[%clk 0:24:15]} Nc8 {[%clk 0:13:05]} 26.Ra1 {[%clk 0:17:35]}
Nb6 {[%clk 0:10:40]} 27.Rxa5 {[%clk 0:16:58]} Rc8 {[%clk 0:10:14]}
28.Ra1 {[%clk 0:11:31]} Bf6 {[%clk 0:07:02]} 29.Ra6 {[%clk 0:10:40]}
Bd8 {[%clk 0:06:20]} 30.Qe3 {[%clk 0:10:32]} Rc2 {[%clk 0:06:15]}
31.b3 {[%clk 0:10:11]} Rc8 {[%clk 0:04:17]} 32.Be1 {[%clk 0:09:22]}
Bc7 {[%clk 0:03:24]} 33.Ba5 {[%clk 0:07:37]} Re8 {[%clk 0:01:58]}
34.Qc3 {[%clk 0:04:35]} Qd6 {[%clk 0:01:43]} 35.Qc5 {[%clk 0:02:53]}
Qe6 {[%clk 0:01:39]} 36.Qc3 {[%clk 0:01:07]} Bd8 {[%clk 0:01:56]}
37.Qd2 {[%clk 0:01:12]} Kh8 {[%clk 0:01:45]} 38.Bb4 {[%clk 0:01:18]}
Qe4 {[%clk 0:01:29]} 39.Bd6 {[%clk 0:01:01]} Nd7 {[%clk 0:01:33]}
40.Ra8 {[%clk 0:30:59]} Bb6 {[%clk 0:31:15]} 41.Rxe8+ {[%clk 0:23:26]}
Qxe8 {[%clk 0:30:53]} 42.b4 {[%clk 0:21:33]} Qe4 {[%clk 0:11:32]}
43.Bc5 {[%clk 0:21:56]} Bd8 {[%clk 0:11:06]} 44.Qe2 {[%clk 0:18:07]}
Nxc5 {[%clk 0:07:46]} 45.dxc5 {[%clk 0:18:17]} Qd4+ {[%clk 0:08:11]}
46.Kg2 {[%clk 0:17:33]} Bf6 {[%clk 0:08:31]} 47.c6 {[%clk 0:15:14]}
Kg7 {[%clk 0:08:34]} 48.c7 {[%clk 0:15:07]} Qc3 {[%clk 0:08:49]}
49.b6 {[%clk 0:15:31]} h5 {[%clk 0:08:49]} 50.Qe6 {[%clk 0:15:40]} 1-0

[Event "Russian Women's Higher League 2021"]
[Site "?"]
[Date "2021.07.02"]
[Round "6.2"]
[White "Charochkina, Daria"]
[Black "Bivol, Alina"]
[Result "1/2-1/2"]
[WhiteElo "2333"]
[BlackElo "2374"]
[Annotator ""]
[Source ""]
[Remark ""]

1.d4 {[%clk 1:30:57]} d5 {[%clk 1:30:06]} 2.c4 {[%clk 1:30:01]}
e6 {[%clk 1:29:28]} 3.Nc3 {[%clk 1:30:19]} a6 {[%clk 1:29:38]}
4.cxd5 {[%clk 1:29:50]} exd5 {[%clk 1:30:03]} 5.Qb3 {[%clk 1:29:43]}
Nf6 {[%clk 1:29:03]} 6.Bg5 {[%clk 1:29:37]} c5 {[%clk 1:29:15]}
7.e4 {[%clk 1:09:16]} Nc6 {[%clk 1:15:08]} 8.Nxd5 {[%clk 0:56:21]}
Nxd4 {[%clk 1:09:31]} 9.Qd1 {[%clk 0:56:36]} Be7 {[%clk 1:05:11]}
10.Nxe7 {[%clk 0:56:42]} Nxe4 {[%clk 0:58:32]} 11.Nc6 {[%clk 0:51:33]}
Qxg5 {[%clk 0:57:46]} 12.Nxd4 {[%clk 0:51:50]} cxd4 {[%clk 0:57:51]}
13.Qxd4 {[%clk 0:51:19]} O-O {[%clk 0:51:28]} 14.Nf3 {[%clk 0:43:32]}
Qe7 {[%clk 0:46:57]} 15.Be2 {[%clk 0:41:34]} Rd8 {[%clk 0:44:35]}
16.Qb6 {[%clk 0:41:48]} Rd6 {[%clk 0:44:31]} 17.Qa5 {[%clk 0:39:55]}
Nf6 {[%clk 0:41:24]} 18.Qa3 {[%clk 0:36:44]} Bg4 {[%clk 0:32:09]}
19.O-O {[%clk 0:36:12]} Re6 {[%clk 0:29:37]} 20.Qxe7 {[%clk 0:33:37]}
Rxe7 {[%clk 0:28:02]} 21.Bd1 {[%clk 0:31:37]} Rd8 {[%clk 0:24:54]}
22.h3 {[%clk 0:31:09]} Be6 {[%clk 0:20:50]} 23.Re1 {[%clk 0:27:47]}
Rc7 {[%clk 0:21:01]} 24.b3 {[%clk 0:19:37]} h6 {[%clk 0:20:42]}
25.Ne5 {[%clk 0:19:28]} Rd2 {[%clk 0:18:50]} 26.Re2 {[%clk 0:18:42]}
Rd8 {[%clk 0:16:25]} 27.Bc2 {[%clk 0:13:29]} Nd5 {[%clk 0:16:03]}
28.Be4 {[%clk 0:13:57]} Nc3 {[%clk 0:12:10]} 29.Rc2 {[%clk 0:14:25]}
Rdc8 {[%clk 0:11:59]} 30.Bd3 {[%clk 0:12:38]} b5 {[%clk 0:11:28]}
31.b4 {[%clk 0:11:18]} Kf8 {[%clk 0:06:48]} 32.a3 {[%clk 0:10:47]}
Bb3 {[%clk 0:04:47]} 33.Rd2 {[%clk 0:09:58]} Rd8 {[%clk 0:04:48]}
34.Re1 {[%clk 0:08:19]} Bc4 {[%clk 0:03:36]} 35.Re3 {[%clk 0:08:35]}
Re7 {[%clk 0:01:46]} 36.f4 {[%clk 0:06:02]} Rc7 {[%clk 0:01:57]}
37.Rc2 {[%clk 0:04:24]} Nd5 {[%clk 0:01:30]} 38.Rf3 {[%clk 0:04:26]}
Bxd3 {[%clk 0:01:09]} 39.Rxc7 {[%clk 0:04:50]} Nxc7 {[%clk 0:01:36]}
40.Rxd3 {[%clk 0:33:11]} Rxd3 {[%clk 0:31:49]} 41.Nxd3 {[%clk 0:33:37]}
Ke7 {[%clk 0:31:57]} 42.Kf2 {[%clk 0:25:26]} Kd6 {[%clk 0:29:42]}
43.Ke3 {[%clk 0:25:54]} Kd5 {[%clk 0:29:19]} 44.Nb2 {[%clk 0:25:45]}
Ne8 {[%clk 0:28:43]} 45.Kd3 {[%clk 0:24:32]} Nd6 {[%clk 0:26:05]}
46.Nd1 {[%clk 0:24:38]} Nc4 {[%clk 0:22:27]} 47.a4 {[%clk 0:24:41]} 1/2-1/2

[Event "Russian Women's Higher League 2021"]
[Site "?"]
[Date "2021.07.02"]
[Round "6.3"]
[White "Goltseva, Ekaterina"]
[Black "Ovod, Evgenija"]
[Result "0-1"]
[WhiteElo "2272"]
[BlackElo "2322"]
[Annotator ""]
[Source ""]
[Remark ""]

1.d4 {[%clk 1:30:54]} Nf6 {[%clk 1:30:54]} 2.c4 {[%clk 1:31:21]}
e6 {[%clk 1:31:18]} 3.Nc3 {[%clk 1:31:47]} c5 {[%clk 1:29:42]}
4.d5 {[%clk 1:31:46]} exd5 {[%clk 1:30:07]} 5.cxd5 {[%clk 1:32:14]}
d6 {[%clk 1:30:33]} 6.Nf3 {[%clk 1:29:13]} g6 {[%clk 1:30:55]}
7.Nd2 {[%clk 1:29:17]} Bg7 {[%clk 1:31:03]} 8.e4 {[%clk 1:29:42]}
O-O {[%clk 1:31:14]} 9.Be2 {[%clk 1:29:38]} Na6 {[%clk 1:30:56]}
10.O-O {[%clk 1:28:46]} Nc7 {[%clk 1:31:19]} 11.a4 {[%clk 1:25:26]}
Re8 {[%clk 1:29:09]} 12.f4 {[%clk 1:07:41]} b6 {[%clk 1:27:21]}
13.Bf3 {[%clk 1:05:50]} Ba6 {[%clk 1:27:41]} 14.Re1 {[%clk 1:04:30]}
Rb8 {[%clk 1:20:40]} 15.Nb3 {[%clk 0:58:54]} Nd7 {[%clk 1:13:45]}
16.Be3 {[%clk 0:52:32]} f5 {[%clk 1:13:08]} 17.Bf2 {[%clk 0:45:21]}
fxe4 {[%clk 1:08:19]} 18.Nxe4 {[%clk 0:45:47]} Nf6 {[%clk 1:08:43]}
19.Bh4 {[%clk 0:32:48]} Ncxd5 {[%clk 1:00:36]} 20.Qd2 {[%clk 0:22:56]}
Qd7 {[%clk 0:39:18]} 21.a5 {[%clk 0:21:08]} Bc4 {[%clk 0:37:11]}
22.Qc2 {[%clk 0:14:44]} b5 {[%clk 0:37:10]} 23.Nxf6+ {[%clk 0:04:33]}
Nxf6 {[%clk 0:37:27]} 24.Rad1 {[%clk 0:04:15]} Rxe1+ {[%clk 0:31:25]}
25.Rxe1 {[%clk 0:04:24]} Re8 {[%clk 0:31:23]} 26.Rd1 {[%clk 0:04:08]}
Qf7 {[%clk 0:15:35]} 27.Nd2 {[%clk 0:04:27]} Be2 {[%clk 0:13:57]}
28.Bxe2 {[%clk 0:02:31]} Rxe2 {[%clk 0:14:23]} 29.Qd3 {[%clk 0:02:52]}
Qe6 {[%clk 0:14:04]} 30.Nf3 {[%clk 0:02:25]} Ne8 {[%clk 0:11:36]}
31.Bf2 {[%clk 0:01:08]} c4 {[%clk 0:09:51]} 32.Qa3 {[%clk 0:01:35]}
Bxb2 {[%clk 0:09:40]} 33.Qb4 {[%clk 0:02:02]} a6 {[%clk 0:08:19]}
34.Nd4 {[%clk 0:01:19]} Bxd4 {[%clk 0:08:18]} 35.Bxd4 {[%clk 0:01:21]}
Qg4 {[%clk 0:07:50]} 36.Bf2 {[%clk 0:01:18]} Rxf2 {[%clk 0:08:14]} 0-1

[Event "Russian Women's Higher League 2021"]
[Site "?"]
[Date "2021.07.02"]
[Round "6.4"]
[White "Afonasieva, Anna"]
[Black "Bodnaruk, Anastasia"]
[Result "0-1"]
[WhiteElo "2323"]
[BlackElo "2446"]
[Annotator ""]
[Source ""]
[Remark ""]

1.d4 f5 2.c4 Nf6 3.Nc3 g6 4.e3 Bg7 5.Bd3 d6 6.d5 e5 7.dxe6 Na6
8.Nf3 Nc5 9.Nd4 O-O 10.O-O Nxe6 11.Nxe6 Bxe6 12.Qc2 {[%clk 1:08:32]}
Qd7 13.b3 Rad8 14.Bb2 Ng4 15.Nd5 g5 {[%clk 0:40:09]} 16.Bxg7
{[%clk 0:47:42]} Qxg7 {[%clk 0:39:55]} 17.h3 {[%clk 0:46:51]}
Nh6 {[%clk 0:35:00]} 18.f4 {[%clk 0:42:42]} g4 {[%clk 0:34:52]}
19.Kh2 {[%clk 0:41:24]} Bxd5 {[%clk 0:23:19]} 20.cxd5 {[%clk 0:41:47]}
Rf6 {[%clk 0:23:43]} 21.Be2 {[%clk 0:34:01]} Re8 {[%clk 0:18:28]}
22.Qd2 {[%clk 0:26:59]} Rg6 {[%clk 0:16:51]} 23.Rae1 {[%clk 0:06:07]}
gxh3 {[%clk 0:16:06]} 24.Bf3 {[%clk 0:06:25]} hxg2 {[%clk 0:15:25]}
25.Rg1 {[%clk 0:06:48]} Qf6 26.Rxg2 Qh4+ 27.Kg1 Rxg2+ 28.Qxg2+
Kf7 29.Kf1 Ng4 30.Bxg4 fxg4 31.e4 g3 32.Ke2 Qg4+ 33.Ke3 h5 34.Rc1
Re7 35.Qf3 Qg6 36.Rh1 h4 37.e5 dxe5 38.fxe5+ Ke8 39.e6 g2 40.Rg1
Rg7 41.Kd2 Qg4 42.Qc3 Qg3 43.Qc5 h3 {[%clk 0:19:56]} 44.Qb5+
{[%clk 0:21:18]} c6 {[%clk 0:17:49]} 45.dxc6 Qd6+ 46.Kd1 0-1

[Event "Russian Women's Higher League 2021"]
[Site "?"]
[Date "2021.07.02"]
[Round "6.5"]
[White "Protopopova, Anastasiya"]
[Black "Garifullina, Leya"]
[Result "1-0"]
[WhiteElo "2286"]
[BlackElo "2399"]
[Annotator ""]
[Source ""]
[Remark ""]

1.d4 Nf6 {[%clk 1:30:51]} 2.c4 {[%clk 1:31:21]} e6 {[%clk 1:31:15]}
3.Nc3 {[%clk 1:31:47]} Bb4 {[%clk 1:31:38]} 4.f3 {[%clk 1:32:12]}
d5 {[%clk 1:31:55]} 5.a3 {[%clk 1:32:34]} Be7 {[%clk 1:32:11]}
6.e4 {[%clk 1:32:52]} dxe4 {[%clk 1:32:31]} 7.fxe4 {[%clk 1:33:12]}
c5 {[%clk 1:32:51]} 8.d5 {[%clk 1:33:38]} exd5 {[%clk 1:33:13]}
9.exd5 {[%clk 1:34:04]} O-O {[%clk 1:33:33]} 10.Be2 {[%clk 1:34:30]}
Re8 {[%clk 1:33:55]} 11.Nf3 {[%clk 1:34:29]} Bg4 {[%clk 1:34:16]}
12.O-O {[%clk 1:34:47]} Nbd7 {[%clk 1:34:38]} 13.h3 {[%clk 1:33:29]}
Bxf3 {[%clk 1:34:05]} 14.Bxf3 {[%clk 1:32:10]} Bd6 {[%clk 1:33:53]}
15.Nb5 {[%clk 1:24:57]} Be5 {[%clk 1:31:03]} 16.d6 {[%clk 1:21:03]}
Rb8 {[%clk 1:31:07]} 17.Bg5 {[%clk 1:04:43]} h6 {[%clk 1:28:06]}
18.Bh4 {[%clk 1:03:45]} Nb6 {[%clk 1:19:37]} 19.Qc2 {[%clk 0:57:32]}
Qd7 {[%clk 1:13:23]} 20.Rad1 {[%clk 0:55:50]} a6 {[%clk 1:09:35]}
21.Nc7 {[%clk 0:52:07]} Rf8 {[%clk 1:09:08]} 22.Bxf6 {[%clk 0:39:59]}
Bxf6 {[%clk 1:09:04]} 23.b4 {[%clk 0:40:08]} Qa4 {[%clk 0:56:03]}
24.Qf5 {[%clk 0:35:30]} Nd7 {[%clk 0:49:14]} 25.Nd5 {[%clk 0:31:24]}
Bg5 {[%clk 0:45:34]} 26.bxc5 {[%clk 0:22:33]} g6 {[%clk 0:43:24]}
27.Qg4 {[%clk 0:19:21]} f5 {[%clk 0:39:22]} 28.Qd4 {[%clk 0:19:05]}
Qxa3 29.h4 {[%clk 0:18:22]} Bd8 {[%clk 0:35:03]} 30.Ne7+ {[%clk 0:11:50]}
Kh7 {[%clk 0:33:48]} 31.h5 {[%clk 0:12:16]} g5 {[%clk 0:32:29]}
32.Be4 {[%clk 0:12:13]} Qxc5 {[%clk 0:31:04]} 33.Bxf5+ {[%clk 0:11:45]}
Rxf5 {[%clk 0:31:02]} 34.Nxf5 {[%clk 0:10:34]} Qxd4+ {[%clk 0:31:04]}
35.Nxd4 {[%clk 0:10:47]} Bf6 {[%clk 0:31:24]} 36.Ne6 {[%clk 0:09:16]}
a5 {[%clk 0:29:24]} 37.Nc5 {[%clk 0:09:08]} Nxc5 {[%clk 0:29:39]}
38.Rxf6 {[%clk 0:09:33]} a4 {[%clk 0:29:55]} 39.d7 {[%clk 0:07:34]}
Rd8 {[%clk 0:30:19]} 40.Rd5 {[%clk 0:36:53]} Nb3 {[%clk 0:58:27]}
41.Re6 {[%clk 0:36:19]} a3 {[%clk 0:56:22]} 42.Re7+ {[%clk 0:36:34]}
Kg8 {[%clk 0:56:41]} 43.Re8+ {[%clk 0:36:59]} Kg7 {[%clk 0:57:06]}
44.Rxd8 {[%clk 0:37:24]} a2 {[%clk 0:57:33]} 45.Ra8 {[%clk 0:37:42]} 1-0

[Event "Russian Women's Higher League 2021"]
[Site "?"]
[Date "2021.07.02"]
[Round "6.6"]
[White "Girya, Olga"]
[Black "Shafigullina, Zarina"]
[Result "1/2-1/2"]
[WhiteElo "2448"]
[BlackElo "2244"]
[Annotator ""]
[Source ""]
[Remark ""]

1.d4 {[%clk 1:30:58]} Nf6 {[%clk 1:30:42]} 2.c4 {[%clk 1:31:21]}
e6 {[%clk 1:31:03]} 3.Nf3 {[%clk 1:31:45]} b6 {[%clk 1:31:24]}
4.g3 {[%clk 1:31:54]} Ba6 {[%clk 1:31:46]} 5.Qc2 {[%clk 1:31:47]}
Bb7 {[%clk 1:31:58]} 6.Bg2 {[%clk 1:32:03]} c5 {[%clk 1:32:19]}
7.d5 {[%clk 1:32:06]} exd5 {[%clk 1:32:40]} 8.cxd5 {[%clk 1:32:32]}
Nxd5 {[%clk 1:33:01]} 9.O-O {[%clk 1:32:25]} Be7 {[%clk 1:33:21]}
10.Rd1 {[%clk 1:32:35]} Nc6 {[%clk 1:33:31]} 11.Qa4 {[%clk 1:32:34]}
Nf6 {[%clk 1:33:42]} 12.Nh4 {[%clk 1:32:11]} O-O {[%clk 1:33:41]}
13.Nf5 {[%clk 1:31:57]} d5 {[%clk 1:33:49]} 14.Nc3 {[%clk 1:31:43]}
Nb4 {[%clk 1:32:56]} 15.a3 {[%clk 1:28:32]} a5 {[%clk 1:32:11]}
16.Nxd5 {[%clk 1:23:59]} Nbxd5 {[%clk 1:28:12]} 17.e4 {[%clk 1:23:27]}
Qc8 {[%clk 1:27:41]} 18.Qc2 {[%clk 1:22:44]} Rd8 {[%clk 1:27:24]}
19.exd5 {[%clk 1:22:21]} Bf8 {[%clk 1:27:46]} 20.Ne3 {[%clk 1:07:04]}
a4 {[%clk 1:27:04]} 21.b3 {[%clk 1:02:29]} b5 {[%clk 1:26:41]}
22.Bb2 {[%clk 0:45:10]} Ne8 {[%clk 1:21:22]} 23.h4 {[%clk 0:32:37]}
axb3 {[%clk 1:07:17]} 24.Qxb3 {[%clk 0:31:07]} Nd6 {[%clk 1:07:08]}
25.h5 {[%clk 0:26:05]} h6 {[%clk 1:06:32]} 26.Rac1 {[%clk 0:24:09]}
Re8 {[%clk 0:58:42]} 27.Re1 {[%clk 0:18:09]} c4 {[%clk 0:51:01]}
28.Qc2 {[%clk 0:11:32]} Qd8 {[%clk 0:49:19]} 29.Rcd1 {[%clk 0:09:28]}
Bc8 {[%clk 0:48:07]} 30.Bf3 {[%clk 0:08:05]} Bd7 {[%clk 0:45:28]}
31.Qc3 {[%clk 0:07:11]} Qg5 {[%clk 0:42:35]} 32.Rd4 {[%clk 0:05:50]}
Qf6 {[%clk 0:38:37]} 33.Bg2 {[%clk 0:02:15]} Qe5 {[%clk 0:29:00]}
34.Qc1 {[%clk 0:00:51]} Qxh5 {[%clk 0:29:00]} 35.Rf4 {[%clk 0:01:00]}
Qg5 {[%clk 0:26:52]} 36.Bf3 {[%clk 0:00:59]} f5 {[%clk 0:21:42]}
37.Kg2 {[%clk 0:01:03]} Ne4 {[%clk 0:20:24]} 38.Rh1 {[%clk 0:00:45]}
Bd6 {[%clk 0:17:00]} 39.Rh5 {[%clk 0:01:09]} Qg6 {[%clk 0:17:21]}
40.Nxf5 {[%clk 0:30:40]} Bxf4 {[%clk 0:44:10]} 41.Qxf4 {[%clk 0:30:01]}
Bxf5 {[%clk 0:38:50]} 42.Rxf5 {[%clk 0:30:20]} Nd6 {[%clk 0:38:51]}
43.Rf6 {[%clk 0:26:01]} gxf6 {[%clk 0:38:41]} 44.Qxd6 {[%clk 0:26:29]}
Rf8 {[%clk 0:29:05]} 45.Qe6+ {[%clk 0:23:26]} Qf7 {[%clk 0:28:04]}
46.Qg4+ {[%clk 0:23:44]} Kh8 {[%clk 0:27:08]} 47.Qf4 {[%clk 0:13:59]}
Qg7 {[%clk 0:25:03]} 48.d6 {[%clk 0:14:11]} Rad8 {[%clk 0:24:20]}
49.Bc3 {[%clk 0:14:04]} Qg5 {[%clk 0:20:40]} 50.Qd4 {[%clk 0:14:33]}
Qe5 {[%clk 0:15:37]} 51.Qd2 {[%clk 0:14:39]} Qg5 {[%clk 0:15:44]}
52.Qd4 {[%clk 0:15:08]} Kg7 {[%clk 0:09:56]} 53.Bc6 {[%clk 0:09:43]}
h5 {[%clk 0:08:45]} 54.d7 {[%clk 0:06:34]} h4 {[%clk 0:06:29]}
55.Ba5 {[%clk 0:04:35]} hxg3 {[%clk 0:06:39]} 56.fxg3 {[%clk 0:04:57]}
Qe5 {[%clk 0:04:06]} 57.Qxe5 {[%clk 0:01:41]} fxe5 {[%clk 0:04:24]}
58.Bxb5 {[%clk 0:02:08]} Kf6 {[%clk 0:02:08]} 59.Kf3 {[%clk 0:00:39]}
Rxd7 {[%clk 0:00:38]} 60.Bxd7 {[%clk 0:01:03]} Ke7+ {[%clk 0:01:01]}
61.Ke4 {[%clk 0:01:17]} Kxd7 {[%clk 0:01:26]} 62.Kxe5 {[%clk 0:01:25]}
Kc6 {[%clk 0:00:55]} 63.g4 {[%clk 0:01:28]} Rf3 {[%clk 0:00:56]}
64.a4 {[%clk 0:00:36]} Ra3 {[%clk 0:00:36]} 65.g5 {[%clk 0:00:41]}
Rxa4 {[%clk 0:01:01]} 66.Bc3 {[%clk 0:00:54]} Ra3 {[%clk 0:00:53]}
67.Kd4 {[%clk 0:01:18]} Kb5 {[%clk 0:00:50]} 68.g6 {[%clk 0:01:46]}
Ra2 {[%clk 0:01:01]} 69.g7 {[%clk 0:01:37]} Rg2 {[%clk 0:01:25]}
70.Kd5 {[%clk 0:01:20]} Rg6 {[%clk 0:01:41]} 71.Ke4 {[%clk 0:01:27]}
Kc6 {[%clk 0:00:55]} 72.Kf5 {[%clk 0:01:45]} Rg2 {[%clk 0:00:46]}
73.Ke6 {[%clk 0:02:07]} Rxg7 {[%clk 0:00:49]} 1/2-1/2

[Event "Russian Women's Higher League 2021"]
[Site "?"]
[Date "2021.07.02"]
[Round "6.7"]
[White "Galliamova, Alisa"]
[Black "Gritsayeva, Oksana"]
[Result "1-0"]
[WhiteElo "2442"]
[BlackElo "2332"]
[Annotator ""]
[Source ""]
[Remark ""]

1.d4 {[%clk 1:30:57]} Nf6 {[%clk 1:30:51]} 2.Nf3 {[%clk 1:31:23]}
e6 {[%clk 1:30:34]} 3.Bf4 {[%clk 1:31:47]} c5 {[%clk 1:27:29]}
4.e3 {[%clk 1:32:08]} Qb6 {[%clk 1:23:31]} 5.Na3 {[%clk 1:32:01]}
d5 {[%clk 1:15:28]} 6.Nb5 {[%clk 1:27:40]} Na6 {[%clk 1:14:46]}
7.a4 {[%clk 1:13:24]} c4 {[%clk 1:11:38]} 8.Be2 {[%clk 1:12:42]}
Bd7 {[%clk 1:09:55]} 9.O-O {[%clk 1:10:26]} Bxb5 {[%clk 1:09:03]}
10.axb5 {[%clk 1:10:49]} Nc7 {[%clk 1:08:39]} 11.b3 {[%clk 1:07:13]}
cxb3 {[%clk 0:49:12]} 12.c4 {[%clk 0:53:55]} dxc4 {[%clk 0:48:49]}
13.Bxc4 {[%clk 0:44:00]} b2 {[%clk 0:45:54]} 14.Ra2 {[%clk 0:40:31]}
Ncd5 {[%clk 0:44:54]} 15.Qb3 {[%clk 0:40:12]} Nxf4 {[%clk 0:43:43]}
16.exf4 {[%clk 0:40:36]} Be7 {[%clk 0:42:21]} 17.f5 {[%clk 0:38:02]}
O-O {[%clk 0:28:45]} 18.fxe6 {[%clk 0:38:20]} fxe6 {[%clk 0:29:12]}
19.Bxe6+ {[%clk 0:36:22]} Kh8 {[%clk 0:29:38]} 20.Rxb2 {[%clk 0:35:15]}
g6 {[%clk 0:28:19]} 21.d5 {[%clk 0:31:25]} Ne4 {[%clk 0:23:35]}
22.Re1 {[%clk 0:20:41]} Nd6 {[%clk 0:21:06]} 23.Ne5 {[%clk 0:17:16]}
Qa5 {[%clk 0:16:31]} 24.Rbb1 {[%clk 0:16:24]} Qd2 {[%clk 0:15:18]}
25.Nf3 {[%clk 0:13:09]} Qf4 {[%clk 0:15:21]} 26.Ra1 {[%clk 0:12:12]}
Bf6 {[%clk 0:13:05]} 27.Ra4 {[%clk 0:11:50]} Qh6 {[%clk 0:13:30]}
28.Qb4 {[%clk 0:08:18]} Rfd8 {[%clk 0:13:44]} 29.h4 {[%clk 0:07:05]}
Qg7 {[%clk 0:13:33]} 30.Rc1 {[%clk 0:07:09]} Qe7 {[%clk 0:12:58]}
31.g3 {[%clk 0:06:41]} Bg7 {[%clk 0:12:37]} 32.Ng5 {[%clk 0:06:02]}
Bf6 {[%clk 0:12:35]} 33.Ra2 {[%clk 0:06:06]} Kg7 {[%clk 0:11:48]}
34.Rac2 {[%clk 0:06:15]} Ne8 {[%clk 0:10:37]} 35.Qf4 {[%clk 0:06:18]}
Rd6 {[%clk 0:06:54]} 36.Ne4 {[%clk 0:05:40]} Rad8 {[%clk 0:05:44]}
37.Nxd6 {[%clk 0:03:35]} Rxd6 {[%clk 0:06:09]} 38.Rc8 {[%clk 0:03:43]}
g5 {[%clk 0:05:28]} 39.hxg5 {[%clk 0:03:36]} Bxg5 {[%clk 0:05:11]}
40.Rxe8 {[%clk 0:33:39]} 1-0

[Event "Russian Women's Higher League 2021"]
[Site "?"]
[Date "2021.07.02"]
[Round "6.8"]
[White "Borisova, Ekaterina"]
[Black "Kovalevskaya, Ekaterina"]
[Result "1/2-1/2"]
[WhiteElo "2304"]
[BlackElo "2382"]
[Annotator ""]
[Source ""]
[Remark ""]

1.d4 {[%clk 1:30:57]} Nf6 {[%clk 1:30:52]} 2.c4 {[%clk 1:31:22]}
e6 {[%clk 1:31:01]} 3.Nf3 {[%clk 1:31:48]} d5 {[%clk 1:31:23]}
4.g3 {[%clk 1:32:12]} Bb4+ {[%clk 1:30:52]} 5.Bd2 {[%clk 1:32:37]}
Be7 {[%clk 1:31:17]} 6.Bg2 {[%clk 1:33:00]} O-O {[%clk 1:31:10]}
7.O-O {[%clk 1:33:25]} c6 {[%clk 1:30:42]} 8.Qc2 {[%clk 1:33:49]}
Nbd7 {[%clk 1:30:03]} 9.a3 {[%clk 1:34:13]} b6 {[%clk 1:27:25]}
10.cxd5 {[%clk 1:34:01]} cxd5 {[%clk 1:24:32]} 11.Rc1 {[%clk 1:34:25]}
Bb7 {[%clk 1:23:47]} 12.Bb4 {[%clk 1:34:50]} a5 {[%clk 1:22:40]}
13.Bxe7 {[%clk 1:35:05]} Qxe7 {[%clk 1:23:08]} 14.Nc3 {[%clk 1:35:29]}
Rfc8 {[%clk 1:19:00]} 15.Qb3 {[%clk 1:33:46]} Qd8 {[%clk 1:09:14]}
16.e3 {[%clk 1:29:59]} Ne8 {[%clk 0:54:51]} 17.Nb5 {[%clk 1:20:00]}
Rxc1+ {[%clk 0:52:50]} 18.Rxc1 {[%clk 1:20:26]} Rc8 {[%clk 0:53:06]}
19.Rc3 {[%clk 1:20:47]} Rxc3 {[%clk 0:51:06]} 20.bxc3 {[%clk 1:20:30]}
Ba6 {[%clk 0:35:29]} 21.Nd2 {[%clk 1:16:25]} Bxb5 {[%clk 0:16:49]}
22.Qxb5 {[%clk 1:16:49]} Nd6 {[%clk 0:14:27]} 23.Qa6 {[%clk 1:09:39]}
Qc8 {[%clk 0:11:47]} 24.Qd3 {[%clk 1:05:23]} Qc6 {[%clk 0:07:34]}
25.e4 {[%clk 1:04:03]} Qa4 {[%clk 0:06:02]} 26.exd5 {[%clk 1:00:56]}
Qd1+ {[%clk 0:05:10]} 27.Bf1 {[%clk 1:00:11]} exd5 {[%clk 0:05:33]}
28.Kg2 {[%clk 0:55:05]} h6 {[%clk 0:04:39]} 29.Be2 {[%clk 0:53:59]}
Qc1 {[%clk 0:04:56]} 30.a4 {[%clk 0:53:53]} Nf6 {[%clk 0:04:16]}
31.f3 {[%clk 0:40:47]} Qb2 {[%clk 0:02:43]} 32.Kf2 {[%clk 0:37:15]}
g6 {[%clk 0:01:29]} 33.Ke1 {[%clk 0:35:56]} Kg7 {[%clk 0:01:10]}
34.Bd1 {[%clk 0:34:41]} b5 {[%clk 0:01:20]} 35.Qc2 {[%clk 0:34:41]}
Qa1 {[%clk 0:00:53]} 36.axb5 {[%clk 0:30:20]} Nxb5 {[%clk 0:01:21]}
37.Qb1 {[%clk 0:30:46]} Qxb1 {[%clk 0:01:27]} 38.Nxb1 {[%clk 0:31:13]}
Kf8 {[%clk 0:00:44]} 39.Kd2 {[%clk 0:30:12]} Nd6 {[%clk 0:00:49]}
40.Bb3 {[%clk 0:57:07]} Ke7 {[%clk 0:31:10]} 41.Na3 {[%clk 0:55:51]}
Ke6 {[%clk 0:18:04]} 42.Kd3 {[%clk 0:55:50]} Nh7 {[%clk 0:15:27]}
43.c4 {[%clk 0:54:39]} dxc4+ {[%clk 0:15:47]} 44.Nxc4 {[%clk 0:53:41]}
Nxc4 {[%clk 0:16:01]} 45.Kxc4 {[%clk 0:54:06]} Kd6 {[%clk 0:13:04]}
46.h4 {[%clk 0:52:20]} f5 {[%clk 0:10:54]} 47.Kb5 {[%clk 0:50:00]}
Nf6 {[%clk 0:10:55]} 48.Kxa5 {[%clk 0:47:50]} Nh5 {[%clk 0:10:00]}
49.g4 {[%clk 0:48:16]} fxg4 {[%clk 0:10:20]} 50.fxg4 {[%clk 0:48:42]}
Nf6 {[%clk 0:10:45]} 51.g5 {[%clk 0:48:58]} Ke5 1/2-1/2